AIDS : rights, risk, and reason /

Bibliographic Details
Other Authors: Aggleton, Peter, Davies, Peter, Hart, Graham, 1957-
Format: Book
Language:English
Published: London ; Washington, D.C. : Falmer Press, 1992.
Series:Social aspects of AIDS.
Subjects:

MARC

Tag First Indicator Second Indicator Subfields
LEADER 00000cam a2200000 a 4500
001 in00001118621
005 20160226115633.0
008 920326s1992 enka b 101 0 eng
010 |a  92012687  
015 |a GB92-30071 
019 |a 26551547 
020 |a 0750700394 :  |c $79.00 (U.S.) 
020 |a 0750700408 (pbk.) :  |c $27.00 (U.S.) 
035 |a (OCoLC)25675627 
035 |9 AFX3102AM 
040 |a DLC  |c DLC  |d UKM  |d WEA  |d TXA  |d UtOrBLW 
049 |a TXAM 
050 0 0 |a RA644.A25  |b A37623 1992 
082 0 0 |a 362.1/969792  |2 20 
245 0 0 |a AIDS :  |b rights, risk, and reason /  |c edited by Peter Aggleton, Peter Davies and Graham Hart. 
264 1 |a London ;  |a Washington, D.C. :  |b Falmer Press,  |c 1992. 
300 |a vii, 214 pages :  |b illustrations ;  |c 25 cm. 
336 |a text  |b txt  |2 rdacontent 
337 |a unmediated  |b n  |2 rdamedia 
338 |a volume  |b nc  |2 rdacarrier 
490 1 |a Social aspects of AIDS 
504 |a Includes bibliographical references and index. 
505 0 |a Gay men, HIV/AIDS and social research : an Antipodean perspective / Gary Dowsett, Mark Davis and Bob Connell -- AIDS, the media and health policy / Virginia Berridge -- 'African AIDS' : the media and audience beliefs / Jenny Kitzinger and David Miller -- The politics of AIDS in Britain and Germany / Richard Freeman -- Female prostitution and AIDS : the realities of social exclusion / Graham Scambler and Rebecca Graham-Smith -- Sexual risk among amphetamine misusers : prospects for change / Hilary Klee -- HIV/AIDS knowledge and migrant workers / Mary Haour-Knipe ... [et al.] -- The importance of gay community in the prevention of HIV transmission : a study of Australian men who have sex with men / Susan Kippax ... [et al.] -- Alcohol use and unsafe sexual behaviour : any connection? / Peter Weatherburn and Project SIGMA -- On relapse : recidivism or rational response? / Peter Davies and Project SIGMA -- Pressure, resistance, empowerment : young women and the negotiation of safer sex / Janet Holland ... [et al.]. 
505 0 |a (cont.) The limitations of rational decision-making models as applied to young people's sexual behaviour / Roger Ingham, Alison Woodcock and Karen Stenner -- 'Obviously the advice is then to keep to safer sex' : advice-giving and advice reception in AIDS counselling / David Silverman ... [et al.] -- The voluntary sector, gay men and HIV/AIDS / Kathy McCann. 
650 0 |a AIDS (Disease)  |x Social aspects  |v Congresses. 
700 1 |a Aggleton, Peter. 
700 1 |a Davies, Peter. 
700 1 |a Hart, Graham,  |d 1957- 
830 0 |a Social aspects of AIDS. 
999 |a MARS 
999 f f |s 5410285d-e76d-383e-bf82-231889ccde49  |i 0ebe8f83-c7c4-347e-9990-2555fa8d50d7  |t 0 
952 f f |p ric  |a Texas A&M University  |b Rellis Campus  |c Joint Library Facility  |d Remote Storage  |t 0  |e RA644.A25 A37623 1992  |h Library of Congress classification  |i unmediated -- volume  |m A14817288763 
998 f f |a RA644.A25 A37623 1992  |t 0  |l Remote Storage